| 000 | 01065cab a22002055a 4500 | ||
|---|---|---|---|
| 001 | L157413 | ||
| 008 | 121128e2012 xxk 000 0 eng d | ||
| 035 | _a(Sirsi) u157413 | ||
| 041 | 0 | _aeng | |
| 100 | 1 | _aEade, Christine | |
| 245 | 0 | 0 |
_aMarkets _bEast Anglia and Essex |
| 260 | _c2012 | ||
| 490 | 0 |
_aProperty Week _v78(47) 23 November 2012, 49-56(4) |
|
| 520 | _aSurveys recent commercial property activity in the region: Cambridge experiences record-breaking office rents as developers capitalise on low stock; the Futura Park out-of town store near Ipswich is the first hybrid Waitrose and John Lewis At Home; the East Anglia Offshore Windfarm is benefitting onshore business. Supermarkets get the no vote as Peterborough City Council focuses on the future of 112 derelict Nene-side acres favouring residential and leisure development. Bourn Hall, the Cambridge in vitro fertilisation specialist, is to open a branch near Wymondham. | ||
| 590 | _aKA | ||
| 651 | 4 | _aEast Anglia | |
| 651 | 4 | _aEssex | |
| 690 |
_aCommercial property _96227 |
||
| 942 | _n0 | ||
| 999 |
_c84371 _d84371 |
||